[Event "OSREDNJA SLOVENSKA LIGA 2025"]
[Site "gostovanja"]
[Date "2025.10.23"]
[Round "6.7"]
[White "Ribicic, Marko"]
[Black "Jancigaj, Saso Valentin"]
[Result "1-0"]
[WhiteElo "1831"]
[BlackElo "1787"]
[PlyCount "63"]
[EventDate "2025.09.18"]
[WhiteTeam "ZELENCI LPP"]
[BlackTeam "SK VISNJA GORA 1"]

1. e4 e6 2. Nf3 Nc6 3. Nc3 d5 4. exd5 exd5 5. d4 Bb4 6. a3 Qe7+ 7. Be2 Bxc3+ 8.
bxc3 Bg4 9. O-O O-O-O 10. Re1 Qd7 11. Rb1 Nf6 12. Qd3 a6 13. Qxa6 Qd6 14. Qxb7+
Kd7 15. Ne5+ Nxe5 16. dxe5 Qc5 17. Bb5+ Ke7 18. exf6+ Kxf6 19. Bf4 Rb8 20. Be5+
Kg6 21. Bd3+ f5 22. Qa6+ Rb6 23. Rxb6+ cxb6 24. Bd4 Qc6 25. Qa7 Rg8 26. Re7 h6
27. Rxg7+ Rxg7 28. Qxg7+ Kh5 29. h3 Bd1 30. Bxf5 Qd6 31. Bg4+ Kh4 32. Bf6+ 1-0

[Event "OSREDNJA SLOVENSKA LIGA 2025"]
[Site "gostovanja"]
[Date "2025.10.23"]
[Round "6.8"]
[White "Babarovic, Fran"]
[Black "Smirnov, Maksim"]
[Result "1/2-1/2"]
[WhiteElo "1901"]
[BlackElo "2106"]
[PlyCount "49"]
[EventDate "2025.09.18"]
[WhiteTeam "SK KOMENDA POGI"]
[BlackTeam "GIMNAZIJA KRANJ"]

1. e4 c6 2. d4 d5 3. Nc3 dxe4 4. Nxe4 Nf6 5. Nxf6+ exf6 6. Bc4 Bd6 7. Qe2+ Qe7
8. Qxe7+ Kxe7 9. Ne2 Rd8 10. c3 Be6 11. Bxe6 fxe6 12. Bf4 Na6 13. O-O Nc7 14.
Bxd6+ Rxd6 15. Nf4 Nd5 16. Nxd5+ cxd5 17. Rfe1 Rb6 18. Re2 Rc8 19. f4 Kf7 20.
Rf1 g6 21. g4 a5 {(=)} 22. f5 gxf5 23. gxf5 Rg8+ 24. Kh1 Rg5 25. fxe6+ 1/2-1/2

[Event "OSREDNJA SLOVENSKA LIGA 2025"]
[Site "gostovanja"]
[Date "2025.10.23"]
[Round "6.8"]
[White "Grdic, Vili"]
[Black "Macek, Inti"]
[Result "1-0"]
[WhiteElo "1744"]
[BlackElo "1920"]
[PlyCount "101"]
[EventDate "2025.09.18"]
[WhiteTeam "GIMNAZIJA KRANJ"]
[BlackTeam "SK KOMENDA POGI"]

1. e4 e5 2. Nf3 Nc6 3. Bc4 Bc5 4. c3 Nf6 5. d4 exd4 6. cxd4 Bb4+ 7. Bd2 Bxd2+
8. Nbxd2 d6 9. h3 h6 10. e5 dxe5 11. dxe5 Nd5 12. Qb3 Nce7 13. Rd1 c6 14. O-O
Qb6 15. Ne4 O-O 16. Nd6 Qxb3 17. Bxb3 Rb8 18. Rfe1 Be6 19. Nd4 Ng6 20. Bxd5
Bxd5 21. g3 Rfd8 22. f4 Ne7 23. b4 Nc8 24. Nxc8 Rbxc8 25. Nf5 Rb8 26. Nd6 g6
27. g4 a6 28. a3 b5 29. Kf2 Kf8 30. Ke3 Ke7 31. Kd4 Bg2 32. Rg1 Bd5 33. Kc5 Rd7
34. Rge1 Rdd8 35. Rd2 Rd7 36. Ne4 Be6 37. Rxd7+ Kxd7 38. Rd1+ Kc7 39. Rd6 Rb6
40. Nf6 a5 41. Ne8+ Kb7 42. Ng7 Bd5 43. f5 gxf5 44. gxf5 axb4 45. axb4 Ra6 46.
e6 fxe6 47. fxe6 Ra2 48. e7 Rc2+ 49. Kd4 Rc4+ 50. Kd3 Bf7 51. Rf6 1-0